| 000 | 01098nam a22002417a 4500 | ||
|---|---|---|---|
| 005 | 20110228163345.0 | ||
| 008 | 110228t xxu||||| |||| 00| 0mar d | ||
| 010 | _aMAR-20640 | ||
| 020 |
_c250.00 _a9789380875088 |
||
| 035 | _aMR-13298 | ||
| 037 | _bDBAD / PUB | ||
| 040 |
_aDPL _bMR |
||
| 082 | _a921 | ||
| 100 |
_926299 _aगाडगीळ,रामचंद्र कृष्णाजी |
||
| 245 |
_aहेमा टोबियम जी./ _cरामचंद्र कृष्णाजी गाडगीळ |
||
| 246 |
_aHema Tobium Ji _bby Ramchander Krishnaji Gadgil |
||
| 260 |
_aठाणे _bपरम मित्र पब्लिकेशन _c2010 |
||
| 270 |
_a6,राजदुर्गा,बी केबिन रोड,नौपाडा _bठाणे _e400602 |
||
| 300 |
_aसहा, 250पृ _b21 सेमी (अजिल्द) |
||
| 700 | _926300 | ||
| 942 |
_2ddc _cMR _h921 _mगाडगी |
||
| 999 |
_c50847 _d50847 |
||